| 000 | 00641nam a2200169Ia 4500 | ||
|---|---|---|---|
| 008 | 090201s9999 xx 000 0 und d | ||
| 010 | _aKPL-18475 | ||
| 040 | _bमराठी | ||
| 041 | _aमराठी | ||
| 082 |
_a4489 _b18475 |
||
| 100 | _aबाबुराव परशुराम सावे | ||
| 245 |
_aअभयारण्यातून फेर फटका _cबाबुराव परशुराम सावे |
||
| 260 |
_c2004 _bमॅजेस्टिक बुक स्टॉल |
||
| 300 |
_a87 _bमोठा |
||
| 600 | _aअभयारण्यातून फेर फटका | ||
| 942 | _cBOOK | ||
| 999 |
_c205521 _d205521 |
||